000 01333nam0a2200337 4500
001 RU\NLR\bibl\1118154
005 20260123135804.0
010 _a978-5-477-00185-9
_93000
021 _aRU
_b2007-45786
_92442
035 _a(NLR Aleph) 001105149
090 _a1203052
_c1203052
100 _a20070817d2007 u y0rusy50 ca
101 0 _arus
102 _aRU
105 _aa |||||||||
200 1 _aPhotoshop CS2
_eсамоучитель
_fКарасева Э.В., Чумаченко И.Н.
210 _aМосква
_cNT Press
_d2007
215 _a408 с.
_cил.
_d21
225 1 _aБестселлер
320 _aПредм. указ.: с. 404-408
606 1 _aADOBE PHOTOSHOP CS 2, графический редактор
_jУчебные издания для самообразования
_92560069
_3RU\NLR\AUTH\661514430
686 1 _aЗ973.23-018.2я78-1
700 1 _aКарасева
_bЭ. В.
_gЭллеонора Владимировна
_4070
701 1 _4070
_7ca
_8rus
_aЧумаченко
_bИ. Н.
_cспециалист в обл. компьютер. технологий
_gИван Николаевич
_9184738
_3RU\NLR\AUTH\770184789
801 0 _aRU
_bNLR
_c20070817
_gRCR
801 1 _aRU
_bNLR
_c20070817
830 _aавт. по кн.
942 _cBOOK
980 _aNB